Eugene O´Neill

Na minha lista:
Detalhes bibliográficos
Autor principal: Frenz, Horst
Formato: Livro
Idioma:Undetermined
Publicado em: New York, Estados Unidos Frederick Ungar 1971
Assuntos:
Tags: Adicionar Tag
Sem tags, seja o primeiro a adicionar uma tag!

MARC

LEADER 00000nam a2200000Ia 4500
008 170316s9999 xx 000 0 und d
040 |a cru BVZT 
090 |a C-810 F-2e 
100 |a Frenz, Horst 
245 |a Eugene O´Neill 
260 |a New York, Estados Unidos 
260 |b Frederick Ungar 
260 |c 1971 
300 |a 121 páginas 
650 |a LITERATURA ESTADOUNIDENSE 
650 |a CRÍTICA 
999 |c 12844  |d 12844 
942 |c 15 D  |h C-810 F-2e  |2 z